| 000 | 01059nam a2200301 i 4500 | ||
|---|---|---|---|
| 001 | 000017941 | ||
| 003 | DO-SdBNP | ||
| 005 | 20241030134205.0 | ||
| 007 | ta | ||
| 008 | 100407t1999 dr 000 0bspa d | ||
| 020 | _a8460586529 | ||
| 040 |
_aDO-SdBNP _bspa _cBNPHU _erda |
||
| 041 | _aspa | ||
| 082 | 4 |
_a923.17293053 _bT866o 1999 _222 |
|
| 100 | 1 |
_aOrnes Coiscou, Germán E., _d1919-1998 _eautor _4aut. _957814 |
|
| 240 | 1 | 0 | _aTrujillo : little Cesar of the Caribbean |
| 245 | 1 | 0 |
_aTrujillo : _bpequeño César del Caribe / _cGermán Emilio Ornes. |
| 264 | 4 |
_aSanto Domingo : _bEditora Cole, _c1999. |
|
| 300 |
_a471 páginas ; _c21 cm. |
||
| 336 |
_atexto _btxt _2rdacontent |
||
| 337 |
_asin mediación _bn _2rdamedia |
||
| 338 |
_avolumen _bnc _2rdacarrier |
||
| 533 |
_aFacsímil : _bCaracas, Venezuela : _cLas novedades, _d[1958] _nTraducido del inglés por Alejandro Vallejo |
||
| 590 | _aInventariado, 2024/BT | ||
| 600 | 1 | 4 |
_aTrujillo Molina, Rafael Leónidas, _d 1891-1961 _976764 |
| 910 | _aValidado. Control de calidad EMS. | ||
| 942 |
_2ddc _cLBS1 |
||
| 999 |
_c17465 _d17465 |
||